LDR 00893nam a2200229 4500 001 000000367471 003 CaOOAMICUS 005 20260427152614.0 008 260427s2025 it a 000 u ita r 040 $aSeMil$bita 100 1 $aDiocesi di Mantova.$0(OLS)http://semarc/name/51229 245 10$aArtigiani missionari : Ricettario 2025-2027 /$cDiocesi di Mantova. 264 1$aMantova :$bLa Cittadella,$c2025. 300 $a1 cartella (5 fascicoli) ;$c22 cm 650 4$aMantova (Diocesi).$0(OLS)http://semarc/subject/9850 850 $aSeMil 852 $aSeMil$W1$xVenegono$y1$m5D XI 29/13$j271050$B258166$CSeMilBibl$Z2$F258166 $81 941 1 $a7 961 $aOmaggio mons. Mario Delpini 996 $6245$aArtigiani missionari : Ricettario 2025-2027$9(OLS)http://semarc/title/459410 996 $6264$aMantova :$bLa Cittadella$9(OLS)http://semarc/publisher/45449